Jabatan Setiausaha Persekutuan Sarawak dan hubungan antara Kerajaan Persekutuan dengan Kerajaan Negeri Sarawak 1963-1995

Bibliographic Details
Main Author: NIK Ibrahim bin Nik Mahmood
Format: Book
Published: Kuala Lumur : INTAN , 1995
Subjects:

MARC

LEADER 00000cam a2200000 7i4500
001 0000000048
005 20000626.0
020 0 0 |a 9679933466 
090 0 0 |a 351.00959522   |b NIK 1995 
100 0 0 |a NIK Ibrahim bin Nik Mahmood 
245 1 0 |a Jabatan Setiausaha Persekutuan Sarawak dan hubungan antara Kerajaan Persekutuan dengan Kerajaan Negeri Sarawak 1963-1995   |c Nik Ibrahim bin Nik Mahmood 
260 0 0 |a Kuala Lumur :   |b INTAN ,   |c 1995 
300 |a x, 158 p. :   |b col. ill. ;   |c 26 cm. 
650 0 0 |a Federal government   |z Malaysia - Sarawak   |x History 
651 0 0 |a Sarawak. Jabatan Setiausaha Persekutuan 
999 |a 0000001239   |b Monograph   |c Open Shelf   |e Default branch